| 000 | 00891nam a22002537a 4500 | ||
|---|---|---|---|
| 003 | DO-SdBNP | ||
| 005 | 20250430150718.0 | ||
| 007 | ta | ||
| 008 | 210527e2020 dr ||||frd||| 00| 0 spa d | ||
| 020 | _a9789945618211 | ||
| 040 |
_aDO-SdBNP _bspa _cBNPHU |
||
| 041 | _hspa | ||
| 082 | 4 |
_a346.7293043003 _bG633d _222 |
|
| 100 |
_aGómez, Wilson, _d1953- _933819 |
||
| 245 | 1 | 0 |
_aDiccionario jurídico inmobiliario registral / _cWilson Gómez ; prólogo Jorge A. Subero Isa. |
| 260 |
_aSanto Domingo : _bAmigo del Hogar, _c2020. |
||
| 300 |
_a151 p. ; _c24 cm. |
||
| 590 | _aInventariado, 2021/MF | ||
| 650 | 4 |
_aBienes raíces _xLegislación _vDiccionarios _xEspañol _980351 |
|
| 650 | 4 |
_aEscrituras de propiedad _xLegislación _vDiccionarios _xEspañol _980352 |
|
| 700 | 1 |
_aSubero Isa, Jorge A., _d1947- _epról. _976863 |
|
| 910 | _aMfeliz /Validado. Control de calidad MFF | ||
| 942 |
_2ddc _cLBS1 |
||
| 999 |
_c49856 _d49856 |
||